| 000 | 00840nam a2200217 a 4500 | ||
|---|---|---|---|
| 001 | 001124172 | ||
| 003 | AM-YeHGA | ||
| 005 | 20250617151945.0 | ||
| 008 | 160118s1976 ||| r 000 0 rus d | ||
| 040 | _aAM-YeHGA | ||
| 041 | 0 | _arus | |
| 100 | 1 | _aКарагодин, Анатолий Иванович | |
| 245 | 1 | 0 |
_aФилософия истории В.О. Ключевского / _cА.И. Карагодин ; Под ред. С.С. Волка ; Сарат. экон. ин-т. |
| 260 |
_aСаратов : _bИзд-во Сарат. ун-та, _c1976. |
||
| 300 | _a73 с. | ||
| 600 | 1 | 4 | _aКлючевский, Василий Осипович |
| 653 | 0 | _aФилософия истории | |
| 653 | 0 | _aИсторическая наука в России, 19 в. | |
| 700 | 1 |
_aВолк, С. С. _eред. _4edt |
|
| 090 | _c363121 | ||
| 999 |
_c361278 _d361278 |
||